<?xml version="1.0" encoding="UTF-8"?>
<marc:record xmlns:marc="http://www.loc.gov/MARC21/slim">
   <marc:leader>00000nam a2200000 a 4500</marc:leader>
   <marc:datafield ind1="1" ind2=" " tag="100">
      <marc:subfield code="a">Körner, Franz-Josef</marc:subfield>
      <marc:subfield code="4">aut</marc:subfield>
      <marc:subfield code="e">Verfasser/-in</marc:subfield>
   </marc:datafield>
   <marc:datafield ind1="0" ind2="0" tag="245">
      <marc:subfield code="a">Gold für den Märchenkönig</marc:subfield>
   </marc:datafield>
   <marc:datafield ind1="0" ind2="0" tag="245">
      <marc:subfield code="b">Roman</marc:subfield>
   </marc:datafield>
   <marc:datafield ind1="0" ind2="0" tag="245">
      <marc:subfield code="c">Franz-Josef Körner</marc:subfield>
   </marc:datafield>
   <marc:datafield ind1=" " ind2="1" tag="264">
      <marc:subfield code="a">Thalhofen</marc:subfield>
      <marc:subfield code="b">Bauer</marc:subfield>
      <marc:subfield code="c">2011</marc:subfield>
   </marc:datafield>
   <marc:datafield ind1=" " ind2=" " tag="250">
      <marc:subfield code="a">1. Aufl.</marc:subfield>
   </marc:datafield>
   <marc:datafield ind1="1" ind2=" " tag="520">
      <marc:subfield code="a">Angaben aus der Verlagsmeldung

Gold für den Märchenkönig / von Franz-Josef Körner

»Gift! Ich sage euch: Gift! Man hat den König mit Gift ermordet!«
Der Alte war im Schatten der Schlossmauer aufgetaucht wie ein Spuk. Die Hochzeitsgäste, deren Blicke er auf sich zog, fragten sich verwundert, ob sein Erscheinen wohl mit rechten Dingen zugegangen sei. Sein halb verfallener, zweirädriger Karren, der nun auf der Deichsel ruhte wie ein gestrandetes Schiffswrack, müsste auf dem holprigen, steinigen Weg doch einen Heidenlärm verursacht haben. Die Einfahrt vor dem Haupttor war mit blank gescheuerten Lechkieseln befestigt. Niemand konnte sich aber daran erinnern, ein Geräusch vernommen zu haben, geschweige denn, das unüberhörbare Poltern eines Karrens auf einem solchen Untergrund. Die hellen Steine wirkten in der Dämmerung wie eingelegte, polierte Schädel.
</marc:subfield>
   </marc:datafield>
   <marc:datafield ind1=" " ind2=" " tag="020">
      <marc:subfield code="a">9783941013032</marc:subfield>
      <marc:subfield code="9">9783941013032</marc:subfield>
   </marc:datafield>
   <marc:datafield ind1=" " ind2=" " tag="041">
      <marc:subfield code="a">ger</marc:subfield>
   </marc:datafield>
   <marc:datafield ind1=" " ind2=" " tag="300">
      <marc:subfield code="a">320 S.</marc:subfield>
   </marc:datafield>
</marc:record>
